| 000 | 00888cab a2200277 4500 | ||
|---|---|---|---|
| 001 | ABS55978 | ||
| 008 | 090401t xxu||||| |||| 00| 0 eng d | ||
| 035 | _a(Sirsi) u20235 | ||
| 041 | _aeng | ||
| 100 | _aBoard, P. | ||
| 245 | _aContaminated lands | ||
| 350 | _a0 | ||
| 490 |
_aNew Scientist _vInside Science supplement no.94 (2051) 12 October |
||
| 520 | _aLooks at various methods of cleaning up contaminated land. Chart of methods used in site cleaning in the US in 1994. Diagram of electrokinetic fencing method. | ||
| 650 | _aBIOREMEDIATION | ||
| 650 | _aCLEAN UP METHODS | ||
| 650 | _aCONTAMINATED LAND | ||
| 650 | _aELECTROKINETIC FENCING | ||
| 650 | _aMERCURY | ||
| 650 | _aBUILT ENVIRONMENT-BUILDING MATERIALS-METAL | ||
| 650 | _aPOLLUTION | ||
| 650 | _aREMEDIAL TREATMENT | ||
| 690 | _aENVIRONMENTAL AND LAND CONSULTANCY | ||
| 942 | _n0 | ||
| 948 | _c04/03/1997 | ||
| 999 |
_c13559 _d13559 |
||